Statistics for Warhammer 40k chapter symbol quiz

Click here to take the quiz!

General Stats

  • This quiz has been taken 164 times
  • The average score is 14 of 24

Answer Stats

Answer% Correct
Blood Angels
96%
Space Wolves
95%
Ultramarines
95%
Dark Angels
90%
Imperial Fists
90%
Salamanders
90%
White Scars
90%
Black Templars
84%
Iron Hands
78%
Raven Guard
78%
Crimson Fists
70%
Blood Ravens
66%
Grey Knights
65%
Minotaurs
56%
Charcharodons
52%
Lamenters
50%
Flesh Tearers
49%
Deathwatch
48%
Celestial Lions
19%
Astral Claws
14%
Wolfspear
10%
Rainbow Warriors
8%
White Consuls
7%
Silver Templars
6%

Score Distribution

Percentile by Number Answered

Percent of People with Each Score

Your Score History

You have not taken this quiz